Chinese civil law

Збережено в:
Бібліографічні деталі
Автор: Bu, Yuanshi
Формат: Книга
Мова:Англійська
Опубліковано: Múnich, Alemania C. H. Beck 2013
Предмети:
Теги: Додати тег
Немає тегів, Будьте першим, хто поставить тег для цього запису!

MARC

LEADER 00000cam a2200000 a 4500
001 UCC6456
003 CL-VaPUC
005 20210313001518.0
008 181213e20130000gw |||||||||||||||||eng|d
999 |c 373397  |d 373395 
020 |a 9783406628764 
040 |c Pontificia Universidad Católica de Valparaíso 
082 0 4 |a 340.951 BU 2013  |2 21 
100 0 |a Bu, Yuanshi  |9 600911 
245 1 0 |a Chinese civil law 
260 0 3 |a Múnich, Alemania  |b C. H. Beck  |c 2013 
300 |a 301 páginas 
583 |a last modification  |c 20181213 14:55:00  |k Rodrigo Vera 
650 7 |a DERECHO CHINO  |2 CL-VaPUC  |9 400975 
650 0 |a Derecho civil  |9 255013 
650 7 |a REFORMA LEGAL  |2 CL-VaPUC  |9 255483 
942 |c BK  |2 ddc 
945 |d 20181213 14:55:00  |a dcastane 
952 |0 0  |1 0  |2 ddc  |3 erd  |4 0  |6 340_951000000000000_BU_2013  |7 0  |8 A  |9 491498  |a BIBDER  |b BIBDER  |i 5522463  |o 340.951 BU 2013  |p 5522463  |r 2023-01-25  |t 1  |w 2019-11-24  |y BK  |z Catalogado en:20181213  |k DER